Πολυξένης Λοϊζιάδος τα έργα

Αποθηκεύτηκε σε:
Λεπτομέρειες βιβλιογραφικής εγγραφής
Κύριος συγγραφέας: Λοϊζιάς, Πολυξένη, 1855-1936
Άλλοι συγγραφείς: Πυλαρινός, Θεοδόσης (Επιμελητής έκδοσης), Παρασκευά-Χατζηκώστα, Γιώτα (Επιμελητής έκδοσης)
Μορφή: Βιβλίο
Γλώσσα:Greek
Δημοσίευση: Λευκωσία : Κέντρο Επιστημονικών Ερευνών Κύπρου, 2011
Σειρά:Δημοσιεύματα του Κέντρου Επιστημονικών Ερευνών ; ; 53
Θέματα:
Ετικέτες: Προσθήκη ετικέτας
Δεν υπάρχουν, Καταχωρήστε ετικέτα πρώτοι!

MARC

LEADER 00000cam a2200000 i 4500
001 1/18996
008 120426s2011 gre d
020 |a 978-9963-0-8123-3 
035 |l 10112271 
040 |a GR-MY-UA  |b gre  |e aacr 
041 0 |a gre 
082 0 |a 889.3  |2 (22) 
100 1 |a Λοϊζιάς, Πολυξένη,   |d 1855-1936. 
245 1 0 |a Πολυξένης Λοϊζιάδος τα έργα /  |c Λοϊζιάς Πολυξένη ; επιμέλεια και εισαγωγή: Θεοδόσης Πυλαρινός - Γιώτα Παρασκευά-Χατζηκώστα 
260 |a Λευκωσία :   |b Κέντρο Επιστημονικών Ερευνών Κύπρου,   |c 2011 
300 |a 1318 σ.;  |c 25 εκ. 
490 1 |a Δημοσιεύματα του Κέντρου Επιστημονικών Ερευνών  |v ; 53 
504 |a Βιβλιογραφία: σ. 15-34 και ευρετήριο 
600 1 0 |a Λοϊζιάς, Πολυξένη,   |d 1855-1936. 
650 0 0 |a Litterateurs  |z Cyprus. 
650 0 0 |a Greek literature, Modern  |z Cyprus. 
650 0 0 |a Greek poetry, Modern  |z Cyprus. 
700 1 |a Πυλαρινός, Θεοδόσης.  |4 edt 
700 1 |a Παρασκευά-Χατζηκώστα, Γιώτα.  |4 edt 
830 0 |a Δημοσιεύματα του Κέντρου Επιστημονικών Ερευνών ;  |v ; 53 
852 |a INST  |b RHODES  |e 20120426  |h 889.3 ΛΟΙ  |p 005400034305  |q 005400034305  |t BK  |y 0 
901 |a BIBL4-2012-1 
909 |a Ρ  |b 170934 
922 |a 4ΕΛΗ 
970 |z 2012/04/26